| 000 | 00476nam a2200181Ia 4500 | ||
|---|---|---|---|
| 001 | 25331 | ||
| 005 | 20260414151142.0 | ||
| 008 | 260414t2011||||xx |||||||||||||| ||spa|| | ||
| 041 | _aESP | ||
| 082 |
_a346.5 _bA72 T. 1 |
||
| 100 |
_aArias Schreiber Pezet, Max _eAUT |
||
| 245 | 0 |
_aExégesis del código civil peruano de 1984 : _btomo 1: contratos - parte general |
|
| 260 | _c2011 | ||
| 300 |
_a _c25 cm. |
||
| 650 | _aDER | ||
| 654 | _aCDE | ||
| 942 |
_cLIB _dJUS _fJUS _2ddc _n |
||
| 999 |
_c25331 _d25331 |
||